JO Paris 2024: Sports Collectifs, équipes qualifiées - Statistiques

Statistiques générales
  • Ce quiz a été pris 208 fois
  • Le résultat moyen est 38 sur 54
Statistiques - réponses
Réponse % Correct
France
100%
Espagne
98%
Etats-Unis
98%
Japon
98%
Allemagne
97%
Canada
96%
Brésil
94%
Italie
94%
Argentine
93%
Chine
93%
Australie
92%
Nouvelle-Zélande
90%
Maroc
89%
Grande-Bretagne
88%
Pays-Bas
88%
Norvège
86%
Suède
85%
Belgique
84%
Danemark
84%
Afrique du Sud
83%
Pologne
83%
Serbie
83%
Slovénie
81%
Egypte
80%
Grèce
80%
Irlande
79%
Inde
77%
Corée du Sud
76%
Hongrie
76%
Colombie
73%
Croatie
73%
Turquie
71%
Fidji
70%
Lettonie
68%
Lituanie
67%
Ukraine
67%
Roumanie
63%
Uruguay
62%
Nigeria
54%
Samoa
54%
Kenya
50%
Paraguay
50%
Mali
47%
Irak
45%
Israël
42%
Soudan du Sud
39%
Guinée
38%
Monténégro
36%
Angola
35%
Porto Rico
32%
Ouzbékistan
29%
République Dominicaine
25%
Zambie
21%
Azerbaïdjan
19%
Aucun quiz correspondant
Distribution des résultats
% des personnes avec chaque résultat
Percentile par nombre de réponses
Votre historique - résultats
Vous n’avez pas pris ce quiz